Les 10 villes les plus peuplées des Bouches-du-Rhône (13) - Statistiques

Statistiques générales
  • Ce quiz a été pris 92 fois
  • Le résultat moyen est 8 sur 10
Statistiques - réponses
Population Communes % Correct
877 200 Marseille
100%
147 900 Aix-en-Provence
95%
51 200 Arles
82%
44 000 Istres
76%
48 800 Martigues
73%
47 700 Aubagne
72%
44 600 Salon-de-Provence
70%
37 600 La Ciotat
63%
33 200 Marignane
61%
36 600 Vitrolles
61%
Aucun quiz correspondant
Distribution des résultats
% des personnes avec chaque résultat
Percentile par nombre de réponses
Votre historique - résultats
Vous n’avez pas pris ce quiz